Staying positive in a negative world. (Record no. 17098)

000 -LEADER
fixed length control field 00432nam a2200169 a 4500
001 - CONTROL NUMBER
control field :::00020815$&:&@@
003 - CONTROL NUMBER IDENTIFIER
control field OkBaRHE
005 - DATE AND TIME OF LATEST TRANSACTION
control field 20120203172232.0
008 - FIXED-LENGTH DATA ELEMENTS--GENERAL INFORMATION
fixed length control field s2003 g 000 0 eng u
020 ## - INTERNATIONAL STANDARD BOOK NUMBER
International Standard Book Number 089276743X
040 ## - CATALOGING SOURCE
Transcribing agency
100 1# - MAIN ENTRY--PERSONAL NAME
Personal name Hagin, Kenneth W.
9 (RLIN) 161
Dates associated with a name 1939-
245 10 - TITLE STATEMENT
Title Staying positive in a negative world.
260 ## - PUBLICATION, DISTRIBUTION, ETC. (IMPRINT)
Place of publication, distribution, etc Tulsa, OK
Name of publisher, distributor, etc RHEMA Bible Church
Date of publication, distribution, etc 2003
300 ## - PHYSICAL DESCRIPTION
Extent p. 163
942 ## - ADDED ENTRY ELEMENTS (KOHA)
Source of classification or shelving scheme
Koha item type Books
Copies
Damaged status Full call number Permanent Location Not for loan Source of classification or shelving scheme Date acquired Current Location Withdrawn status Date last seen Date checked out Price effective from Shelving location Collection code Lost status Total Checkouts Koha item type Barcode Copy number
 BV 4501 .H3RHEMA Bible Training College  2010-04-14  2010-04-14 2010-04-14General Stacks   Books208151
 BV 4501 .H3RHEMA Bible Training College  2010-04-14  2010-04-14 2010-04-14General Stacks   Books208162
 BV 4501 .H3RHEMA Bible Training College  2010-04-14  2010-04-14 2010-04-14General Stacks   Books208173
 BV 4501 .H3RHEMA Bible Training College  2010-05-07RHEMA Bible Training College 2010-05-132010-05-072010-05-07General Stacks  1Books000217044
 BV 4501 .H3RHEMA Bible Training College  2011-04-19RHEMA Bible Training College 2011-04-19 2011-04-19General StacksReference  Books217035